| Record ID | talis_openlibrary_contribution/talis-openlibrary-contribution.mrc:2612804910:444 |
| Source | Talis |
| Download Link | /show-records/talis_openlibrary_contribution/talis-openlibrary-contribution.mrc:2612804910:444?format=raw |
LEADER: 00444cam a22001692a 4500
001 7e7ca7f84dec4048b9d2943aca64f462
003 UK-BiTAL
005 20050705230419.0
008 741221s1952 xxk | 000 ||eng|d
015 $aGB5216062$2bnb
035 $a()b5216062
040 $aUK-BiTAL$cUK-BiTAL$dUK-BiTAL
082 04 $a813.5
100 1 $aCaldwell, Erskine,$d1903-1987.
245 10 $aCall it experience.
260 $bHutchinson,$c1952.
300 $a160p.,22cm